000 00887cab a2200181 4500
001 ##L131616
008 051121n2005 000 0 eng u
035 _a(Sirsi) u131616
041 0 _aeng
100 1 _aGrekos, Martha
245 0 0 _aOpen environment
260 _c2005
490 0 _aSolicitors' Journal
_v149(41) 21 October 2005,1262-1264(3)
520 _aProvides an overview of the Environmental Information Regulations 2004, which govern the public right to access environmental information held by public authorities. Discusses the types of public authorities covered by the legislation, the types of information the public can request and outlines the way in which these requests should be dealt with.
650 2 4 _aENVIRONMENTAL INFORMATION REGULATIONS 2004
690 _aENVIRONMENTAL AND LAND CONSULTANCY-ENVIRONMENTAL MANAGEMENT-ENVIRONMENTAL ASSESSMENT
942 _n0
999 _c76197
_d76197